Rear verandah Tr by Nikhil Khandekar (Record no. 214904)
[ view plain ]
| 000 -LEADER | |
|---|---|
| fixed length control field | 00519nam a2200181Ia 4500 |
| 008 - FIXED-LENGTH DATA ELEMENTS--GENERAL INFORMATION | |
| fixed length control field | 210719s1997 xx 000 0 und d |
| 041 ## - LANGUAGE CODE | |
| Language code of text/sound track or separate title | eng |
| 082 ## - DEWEY DECIMAL CLASSIFICATION NUMBER | |
| Classification number | 820.33 PATR |
| 100 ## - MAIN ENTRY--PERSONAL NAME | |
| Personal name | PATEL (Kanji) |
| 245 ## - TITLE STATEMENT | |
| Title | Rear verandah Tr by Nikhil Khandekar |
| 260 ## - PUBLICATION, DISTRIBUTION, ETC. | |
| Place of publication, distribution, etc. | Chennai |
| Name of publisher, distributor, etc. | Macmillan India Ltd. |
| Date of publication, distribution, etc. | 1997 |
| 300 ## - PHYSICAL DESCRIPTION | |
| Extent | v--73 |
| Other physical details | PB |
| 365 ## - TRADE PRICE | |
| Price amount | 72 |
| Currency code | Rs |
| 650 ## - SUBJECT ADDED ENTRY--TOPICAL TERM | |
| Topical term or geographic name entry element | Indian English Fiction |
| 650 ## - SUBJECT ADDED ENTRY--TOPICAL TERM | |
| Topical term or geographic name entry element | Indian English Literature |
| 700 ## - ADDED ENTRY--PERSONAL NAME | |
| Personal name | Nikhil Khandekar |
| 906 ## - LOCAL DATA ELEMENT F, LDF (RLIN) | |
| a | by ; Khandekar ; Nikhil ; Rear ; Tr ; verandah |
| Withdrawn status | Lost status | Source of classification or shelving scheme | Damaged status | Not for loan | Collection code | Home library | Current library | Shelving location | Date acquired | Cost, normal purchase price | Total Checkouts | Full call number | Barcode | Date last seen | Price effective from | Koha item type |
|---|---|---|---|---|---|---|---|---|---|---|---|---|---|---|---|---|
| Dewey Decimal Classification | English | St Aloysius Library | St Aloysius Library | Secondary stack section | 08/22/2008 | 72.00 | 820.33 PATR | D03520 | 07/19/2021 | 07/19/2021 | Donated Books |